[Event "AUTO-ADV-1251"]
[Site "http://www.queenalice.com/game.php?id=554537"]
[Date "2009.3.11"]
[Round "1"]
[White "leokhine"]
[Black "jacques"]
[Result "1-0"]
[WhiteElo "1744"]
[BlackElo "1576"]

1. e4 e5 2. Nf3 Nc6 3. Bc4 Nf6 4. d3 h6 5. h3 d5 6. exd5 Nxd5 7. Bxd5 Qxd5 8.
Qe2 Nd4 9. Qd1 Nxf3+ 10. Qxf3 Qxf3 11. gxf3 Bd7 12. a3 Be7 13. Nd2 O-O 14. h4
Bc6 15. h5 Bg5 16. Ne4 Bxc1 17. Rxc1 f5 18. Nd2 Rae8 19. Rh4 f4 20. Ke2 Kh7 21.
Ne4 Re6 22. Rg1 Bxe4 23. fxe4 Rb6 24. b3 Rc6 25. c4 Rb6 26. b4 Ra6 27. Ra1 c6
28. f3 1-0

[Event "AUTO-ADV-1251"]
[Site "http://www.queenalice.com/game.php?id=554538"]
[Date "2009.3.11"]
[Round "1"]
[White "jacques"]
[Black "kievelrs"]
[Result "0-1"]
[WhiteElo "1741"]
[BlackElo "1764"]

1. e4 e5 2. Qh5 Qf6 3. Nf3 g6 4. Qxe5+ Qxe5 5. Nxe5 Nf6 6. f3 d6 7. Bc4 dxe5 8.
Nc3 c6 9. Na4 b5 10. Bxf7+ Kxf7 11. Nc3 Bc5 12. a4 b4 13. Ne2 Be6 14. b3 h5 15.
Bb2 Nbd7 16. d4 Bd6 17. dxe5 Bxe5 18. Bxe5 Rhe8 19. Nd4 Nxe5 20. O-O a5 21. f4
Neg4 22. e5 Ne4 23. h3 Nd2 24. Rfd1 c5 25. Nxe6 Kxe6 26. Rxd2 Kf5 27. hxg4+ Kxg4
28. Rf2 h4 29. Kh2 Rad8 30. Raf1 Rd4 31. f5 Kg5 32. Kh3 Rxe5 33. f6 Rf5 34. f7
Rd8 35. g3 hxg3 36. Kxg3 Kf6 37. Rxf5+ gxf5 38. Kh4 Rf8 39. Rf4 Rxf7 40. Rc4 Rc7
41. Kh5 Rh7# 0-1

[Event "AUTO-ADV-1251"]
[Site "http://www.queenalice.com/game.php?id=554539"]
[Date "2009.3.11"]
[Round "1"]
[White "kievelrs"]
[Black "jacques"]
[Result "1-0"]
[WhiteElo "1693"]
[BlackElo "1609"]

1. e4 e5 2. Nf3 d6 3. Bc4 Qf6 4. d4 h6 5. h3 Nc6 6. Be3 Nge7 7. g4 exd4 8. Bxd4
Nxd4 9. Nxd4 Qe5 10. Nc3 a6 11. Qd3 b5 12. Bb3 c5 13. Nf3 c4 14. Qd2 Qf6 15. Rd1
Nc6 16. Nd5 Qd8 17. Qc3 Bb7 18. e5 dxe5 19. O-O cxb3 20. axb3 Bd6 21. Rfe1 O-O
22. b4 a5 23. Re4 Nd4 24. Nxd4 Bxd5 25. Re3 Bxb4 26. Qd3 Bc4 27. Qe4 Qd5 28.
Qxd5 Bxd5 29. Rxe5 Bc4 30. b3 Be6 31. Nxb5 Rfd8 32. Rf1 Rac8 33. Re2 Rd2 34.
Rxd2 Bxd2 35. Rd1 Rxc2 36. Nd6 Rc1 37. Rxc1 Bxc1 38. Nb7 Bd2 39. Nc5 Bb4 40. f4
Bxc5+ 41. Kg2 f5 42. g5 hxg5 43. fxg5 Bxb3 44. h4 a4 45. h5 a3 46. g6 a2 47. h6
gxh6 48. Kg3 a1=Q 49. Kf4 1-0

[Event "AUTO-OPEN-1528"]
[Site "http://www.queenalice.com/game.php?id=577831"]
[Date "2009.4.26"]
[Round "1"]
[White "jacques"]
[Black "Pato"]
[Result "0-1"]
[WhiteElo "1699"]
[BlackElo "2161"]

1. e4 Nc6 2. d4 e5 3. d5 Nce7 4. Nf3 Ng6 5. Bc4 Bc5 6. O-O Nf6 7. Bg5 h6 8. Bxf6
Qxf6 9. Nc3 O-O 10. Na4 Be7 11. Nd2 d6 12. Qf3 Nf4 13. g3 Nh3+ 14. Kg2 Qg6 15.
Be2 Ng5 16. Qh5 Bh3+ 17. Kh1 Qxh5 18. Bxh5 Bxf1 19. Rxf1 g6 20. Be2 f5 21. f3 f4
22. g4 Kg7 23. Nb3 Rh8 24. h4 Nf7 25. h5 Ng5 26. Kg2 Kf6 27. Nc3 a6 28. Na5 Rab8
29. a3 Bd8 30. Rh1 c5 31. dxc6 Bxa5 32. cxb7 Bxc3 33. bxc3 Rxb7 34. a4 a5 35.
Bb5 Ne6 36. Rd1 Ke7 37. Kf2 gxh5 38. gxh5 Rg8 39. Bc4 Rc7 40. Bxe6 Kxe6 41. Rd3
Rgc8 42. Ke2 Rxc3 0-1

[Event "AUTO-OPEN-1528"]
[Site "http://www.queenalice.com/game.php?id=577832"]
[Date "2009.4.26"]
[Round "1"]
[White "Pato"]
[Black "jacques"]
[Result "1-0"]
[WhiteElo "2138"]
[BlackElo "1709"]

1. e4 e5 2. d4 exd4 3. c3 dxc3 4. Bc4 Qe7 5. Nxc3 Qb4 6. Qd5 Qe7 7. Nf3 c6 8.
Qd3 Nf6 9. O-O Qd6 10. Qxd6 Bxd6 11. e5 Bxe5 12. Nxe5 O-O 13. Bg5 d5 14. Bd3 h6
15. Bxf6 gxf6 16. Nf3 Kh8 17. Rfe1 Rg8 18. Re7 Kg7 19. Rae1 Nd7 20. Bf5 Nc5 21.
Bxc8 Raxc8 22. b4 Nd3 23. Rb1 Rb8 24. Nd4 a6 25. a4 Rge8 26. Rxe8 Rxe8 27. g3
Re1+ 28. Rxe1 Nxe1 29. b5 c5 30. Nb3 axb5 31. Nxc5 b6 32. Nb3 bxa4 33. Nxa4 b5
34. Nc3 d4 35. Nxd4 b4 36. Nd5 1-0

[Event "AUTO-OPEN-1528"]
[Site "http://www.queenalice.com/game.php?id=577833"]
[Date "2009.4.26"]
[Round "1"]
[White "jacques"]
[Black "AlfilesDelRey"]
[Result "0-1"]
[WhiteElo "1503"]
[BlackElo "1635"]

1. e4 e5 2. Nf3 Qf6 3. d4 Qd6 4. Nxe5 Nc6 5. Nxc6 bxc6 6. e5 Qe6 7. Be2 d6 8.
O-O dxe5 9. dxe5 Qxe5 10. Ba6 Be7 11. Re1 Qd6 12. Qxd6 cxd6 13. Bxc8 Rxc8 14. b3
d5 15. Ba3 c5 16. Nc3 Nf6 17. Na4 Kd7 18. Re2 Ne4 19. f3 Ng5 20. Rae1 Ne6 21.
Rd2 Kd6 22. b4 Kc6 0-1

[Event "AUTO-OPEN-1528"]
[Site "http://www.queenalice.com/game.php?id=577834"]
[Date "2009.4.26"]
[Round "1"]
[White "AlfilesDelRey"]
[Black "jacques"]
[Result "1-0"]
[WhiteElo "1623"]
[BlackElo "1515"]

1. d4 d5 2. Bf4 Nc6 3. e3 Nf6 4. h3 Bf5 5. g4 Be6 6. Be5 Nxe5 7. dxe5 Ne4 8. Nf3
f6 9. Nd4 Bc8 10. Nd2 Nxd2 11. Qxd2 fxe5 12. Nf3 e4 13. Bb5+ c6 14. Bxc6+ bxc6
15. Ne5 Qc7 16. Qd4 Ba6 17. g5 Qa5+ 18. c3 Bb5 19. f3 exf3 20. Nxf3 Qb6 21. Qe5
Qb8 22. Kd2 1-0

[Event "AUTO-ADV-1305"]
[Site "http://www.queenalice.com/game.php?id=577851"]
[Date "2009.4.26"]
[Round "1"]
[White "jacques"]
[Black "glennedy"]
[Result "0-1"]
[WhiteElo "1620"]
[BlackElo "1751"]

1. e4 e5 2. Nf3 d6 3. d4 exd4 4. Qxd4 c5 5. Qa4+ Bd7 6. Bb5 Nf6 7. e5 dxe5 8.
Nxe5 Qe7 9. O-O Qd6 10. Bxd7+ Nbxd7 11. Nxd7 Nxd7 12. Re1+ Be7 13. Bg5 f6 14.
Bf4 Qd5 15. Nc3 Qf5 16. Qe4 Qxe4 17. Rxe4 Kf7 18. Nd5 Bd8 19. Bd6 Nb6 20. Nxb6
Bxb6 21. Re7+ Kg6 22. Rxb7 Rad8 23. Bc7 Bxc7 0-1

[Event "AUTO-ADV-1305"]
[Site "http://www.queenalice.com/game.php?id=577852"]
[Date "2009.4.26"]
[Round "1"]
[White "glennedy"]
[Black "jacques"]
[Result "1-0"]
[WhiteElo "1739"]
[BlackElo "1632"]

1. d4 d5 2. c4 dxc4 3. Nc3 c6 4. e4 b5 5. Nf3 Nf6 6. a3 h6 7. Be2 e6 8. O-O Be7
9. Re1 O-O 10. a4 b4 11. Na2 b3 12. Nc3 Ba6 13. Ne5 Nbd7 14. Nxc4 Bxc4 15. Bxc4
Qc7 16. Bxb3 Rab8 17. e5 Nh7 18. Qg4 Ng5 19. f4 Nh7 20. Bc2 h5 21. Qxh5 g6 22.
Qg4 Qd8 23. Re3 1-0

[Event "AUTO-ADV-1305"]
[Site "http://www.queenalice.com/game.php?id=577853"]
[Date "2009.4.26"]
[Round "1"]
[White "jacques"]
[Black "Twinigo"]
[Result "0-1"]
[WhiteElo "1707"]
[BlackElo "1911"]

1. e4 c5 2. Bc4 e6 3. Nf3 Nf6 4. Nc3 Be7 5. d4 O-O 6. O-O Nxe4 7. Nxe4 d5 8.
Bxd5 Qxd5 9. Neg5 h6 10. Nh3 cxd4 11. Qxd4 Qxd4 12. Nxd4 Rd8 13. Nb5 Na6 14. Be3
Bd7 15. Nxa7 Bc5 16. Bxc5 Nxc5 17. b4 Ne4 18. a4 Rxa7 19. a5 Bb5 20. Rfe1 Nf6
21. Re5 Rd5 22. Rxd5 Nxd5 23. Rb1 b6 24. g3 Bc6 25. Nf4 Nxf4 26. gxf4 bxa5 27.
bxa5 Rxa5 28. h3 Kh7 0-1

[Event "AUTO-ADV-1305"]
[Site "http://www.queenalice.com/game.php?id=577854"]
[Date "2009.4.26"]
[Round "1"]
[White "Twinigo"]
[Black "jacques"]
[Result "1-0"]
[WhiteElo "1960"]
[BlackElo "1701"]

1. g4 e5 2. Bg2 Bc5 3. e3 d6 4. Nc3 Nf6 5. h3 O-O 6. Nge2 Nc6 7. Ng3 a6 8. a4
Na5 9. Nge4 Nxe4 10. Bxe4 c6 11. Na2 d5 12. Bd3 e4 13. Be2 Nc4 14. b3 Ne5 15.
Bb2 d4 16. d3 Ng6 17. Qd2 a5 18. O-O-O exd3 19. Qxd3 b6 20. Bxd4 Bxd4 21. Qxd4
Qxd4 22. Rxd4 Be6 23. Nc3 Rad8 24. Rhd1 Rxd4 25. Rxd4 Ne7 26. Bf3 Ng6 27. Bxc6
Ne5 28. Bd5 Bxd5 29. Nxd5 Ng6 30. Nxb6 h6 31. f4 Nh4 32. c4 Ng2 33. c5 Nxe3 34.
c6 Nf1 35. c7 Ng3 36. Rd8 1-0

[Event "AUTO-ADV-1305"]
[Site "http://www.queenalice.com/game.php?id=577855"]
[Date "2009.4.26"]
[Round "1"]
[White "jacques"]
[Black "cmnetto"]
[Result "0-1"]
[WhiteElo "1724"]
[BlackElo "1752"]

1. e4 c5 2. Bc4 d6 3. Qf3 Nf6 4. Nh3 Bxh3 5. gxh3 g6 6. e5 dxe5 7. Qxb7 Nbd7 8.
Bb5 Bg7 9. Bxd7+ Nxd7 10. Nc3 O-O 11. Nd5 Nf6 12. Nxe7+ Kh8 13. Nc6 Qb6 14. Qxb6
axb6 15. b4 Nd5 16. b5 e4 17. c3 Rfe8 18. O-O Nf4 19. Ba3 Rxa3 20. Rfe1 Nxh3+
21. Kg2 Nf4+ 22. Kg3 Nd3 23. Re3 Bh6 24. f4 Bxf4+ 25. Kg2 Bxe3 26. dxe3 Rxc3 27.
a4 Ne5 28. Nxe5 Rxe5 29. Kf2 Rf5+ 0-1

[Event "AUTO-ADV-1305"]
[Site "http://www.queenalice.com/game.php?id=577856"]
[Date "2009.4.26"]
[Round "1"]
[White "cmnetto"]
[Black "jacques"]
[Result "1-0"]
[WhiteElo "1752"]
[BlackElo "1740"]

1. d4 d5 2. c4 dxc4 3. e3 b5 4. Qf3 c6 5. b3 Qd5 6. Be2 Qxf3 7. Nxf3 cxb3 8.
axb3 Be6 9. Nbd2 Na6 10. Ne5 Nb4 11. O-O f6 12. Nef3 Bg4 13. h3 e6 14. hxg4 Nh6
15. g5 Ng4 16. Ne1 f5 17. Bxg4 fxg4 18. Ba3 h6 19. g6 a5 20. Ne4 Be7 21. Nc5
Bxc5 22. dxc5 O-O 23. Bxb4 axb4 24. Nd3 Rxa1 25. Rxa1 1-0